000 00434nam a22001817a 4500
003 MPLRDC
005 20220104123923.0
008 210129b ||||| |||| 00| 0 eng d
082 _a857.6 WXP
100 _a温小平
245 _a豆花. 豆浆. 豆腐干
_c
250 _a初版
260 _a
_b小说创作杂志社
_c1989
300 _b
490 _a开端文丛. 6
650 _a短篇小说
942 _cBK
_o857.6 WXP
999 _c15243
_d15233